Detalles MARC
| 000 -CABECERA |
| Longitud fija campo de control |
01808nam a2200433 c 4500 |
| 001 - NÚMERO DE CONTROL |
| Número de control |
24861 |
| 003 - IDENTIFICADOR DE NÚMERO DE CONTROL |
| Identificador del número de control |
ES-MaCES |
| 005 - FECHA Y HORA DE LA ÚLTIMA TRANSACCIÓN |
| Fecha y hora de la última transacción |
20191213040010.0 |
| 008 - CAMPO FIJO DE DESCRIPCIÓN FIJA--INFORMACIÓN GENERAL |
| Códigos de información de longitud fija |
130218s2012 sp o000 | spa d |
| 017 ## - NÚMERO DE REGISTRO DE DERECHOS DE AUTOR Y DEPÓSITO LEGAL |
| Número de copyright o de depósito legal |
M 37601-2012 |
| Agencia que asigna el número |
DL |
| 020 ## - ISBN (INTERNATIONAL STANDARD BOOK NUMBER) |
| Número Internacional Normalizado para Libros (ISBN) |
9788484174417 |
| 024 7# - OTROS IDENTIFICADORES |
| Número normalizado o código |
270-12-102-5 |
| Fuente del número o código |
nipo |
| 035 ## - NÚMERO DE CONTROL DEL SISTEMA |
| Número de control del sistema |
CES20130000482m |
| 040 ## - FUENTE DE CATALOGACIÓN |
| Centro catalogador de origen |
ES-MaCES |
| Lengua de catalogación |
spa |
| Centro transcriptor |
ES-MaCES |
| 245 03 - MENCIÓN DE TÍTULO |
| Título |
La negociación colectiva en los expedientes de regulación de empleo |
| Mención de responsabilidad, etc. |
Ricardo Escudero Rodríguez (coord.); [autores], Natividad Mendonza Navas ... [et al.] |
| 260 ## - PUBLICACIÓN, DISTRIBUCIÓN, ETC (PIE DE IMPRENTA) |
| Lugar de publicación, distribución, etc. |
Madrid |
| Nombre del editor, distribuidor, etc. |
Ministerio de Empleo y Seguridad Social, Subdirección General de Información Administrativa y Publicaciones |
| Fecha de publicación, distribución, etc. |
[2012] |
| 300 ## - DESCRIPCIÓN FÍSICA |
| Extensión |
397 p. |
| Dimensiones |
22 cm |
| 490 1# - MENCIÓN DE SERIE |
| Mención de serie |
Colección Informes y estudios. Serie Relaciones laborales |
| Designación de volumen o secuencia |
103 |
| 500 ## - NOTA GENERAL |
| Nota general |
En la port.: Comisión Consultiva Nacional de Convenios Colectivos |
| 541 ## - NOTA DE LA FUENTE INMEDIANTE DE ADQUISICIÓN |
| Forma de adquisición |
Gratuito |
| 650 #4 - ASIENTO SECUNDARIO DE MATERIA--TÉRMINO DE MATERIA |
| Término de materia o nombre geográfico como elemento inicial |
régimen jurídico |
| 9 (RLIN) |
29894 |
| 650 #4 - ASIENTO SECUNDARIO DE MATERIA--TÉRMINO DE MATERIA |
| Término de materia o nombre geográfico como elemento inicial |
España |
| 9 (RLIN) |
26964 |
| 650 #4 - ASIENTO SECUNDARIO DE MATERIA--TÉRMINO DE MATERIA |
| Término de materia o nombre geográfico como elemento inicial |
legislación del trabajo |
| 9 (RLIN) |
27166 |
| 650 #4 - ASIENTO SECUNDARIO DE MATERIA--TÉRMINO DE MATERIA |
| Término de materia o nombre geográfico como elemento inicial |
procedimiento laboral |
| 9 (RLIN) |
30887 |
| 650 #4 - ASIENTO SECUNDARIO DE MATERIA--TÉRMINO DE MATERIA |
| Término de materia o nombre geográfico como elemento inicial |
terminación de la relación de trabajo |
| 9 (RLIN) |
29986 |
| 650 #4 - ASIENTO SECUNDARIO DE MATERIA--TÉRMINO DE MATERIA |
| Término de materia o nombre geográfico como elemento inicial |
despido colectivo |
| 9 (RLIN) |
28359 |
| 650 #4 - ASIENTO SECUNDARIO DE MATERIA--TÉRMINO DE MATERIA |
| Término de materia o nombre geográfico como elemento inicial |
negociación colectiva |
| 9 (RLIN) |
28362 |
| 650 #4 - ASIENTO SECUNDARIO DE MATERIA--TÉRMINO DE MATERIA |
| Término de materia o nombre geográfico como elemento inicial |
crisis económica |
| 9 (RLIN) |
27102 |
| 653 10 - TÉRMINO DE INDEXACIÓN--NO CONTROLADO |
| Término no controlado |
Relaciones laborales-Empleo |
| 650 #4 - ASIENTO SECUNDARIO DE MATERIA--TÉRMINO DE MATERIA |
| 9 (RLIN) |
29516 |
| Término de materia o nombre geográfico como elemento inicial |
reducción de la duración del trabajo |
| 650 #4 - ASIENTO SECUNDARIO DE MATERIA--TÉRMINO DE MATERIA |
| 9 (RLIN) |
28178 |
| Término de materia o nombre geográfico como elemento inicial |
empresa |
| 700 1# - ENCABEZAMIENTO SECUNDARIO--NOMBRE PERSONAL |
| Nombre de persona |
Escudero Rodríguez, Ricardo |
| Término indicativo de función |
col. |
| 9 (RLIN) |
11391 |
| 700 1# - ENCABEZAMIENTO SECUNDARIO--NOMBRE PERSONAL |
| Nombre de persona |
Mendoza Navas, Natividad |
| 9 (RLIN) |
18406 |
| 710 2# - ENCABEZAMIENTO SECUNDARIO--NOMBRE CORPORATIVO |
| Nombre de entidad o nombre de jurisdicción como elemento inicial |
España |
| Unidad subordinada |
Ministerio de Empleo y Seguridad Social |
| Término indicativo de función |
ed. |
| 9 (RLIN) |
3243 |
| 830 #0 - ENCABEZAMIENTO SECUNDARIO DE COLECCIÓN--TÍTULO UNIFORME |
| Título uniforme |
Colección Informes y estudios (España. Ministerio de Empleo y Seguridad Social) |
| Nombre de parte o sección de la obra |
Serie Relaciones laborales |
| Designación de volumen o secuencia |
103 |
| 9 (RLIN) |
34668 |
| 902 ## - CES. TIPO DE DOCUMENTO |
| Tipodoc (006$c Sirtex) |
LIB Libro |
| 942 ## - ELEMENTOS KOHA |
| Fuente de clasificaión o esquema |
Clasificación propia del CES |
| Koha [por defecto] tipo de item |
Monografías |
| Parte de clasificación |
2.0. |